000 00536nam a2200181Ia 4500
008 090630s9999 xx 000 0 und d
082 _b5616
100 _aसाठे अण्णाभाऊ.
245 _aआग.
_cसाठे अण्णाभाऊ.
260 _bविद्यार्थी.
300 _a110
600 _aसाठे अण्णाभाऊ.
630 _aआग.
655 _aकादंबरी.
700 _aसाठे अण्णाभाऊ.
730 _aआग.
942 _cBOOK
999 _c257472
_d257472